Crime through time / (Record no. 75105)

MARC details
000 -LEADER
fixed length control field 00739nam a22002297a 4500
005 - DATE AND TIME OF LATEST TRANSACTION
control field 20130520125906.0
010 ## - LCCN (DPL NO)
LC control number ENG-106978
020 ## - INTERNATIONAL STANDARD BOOK NUMBER
International Standard Book Number 9780198077619
Terms of availability 850.00
020 ## - INTERNATIONAL STANDARD BOOK NUMBER
International Standard Book Number 0198077610
Terms of availability 850.00
035 ## - SYSTEM CONTROL NUMBER
System control number EN-90511
037 ## - SOURCE OF ACQUISITION
Source of stock number/acquisition DBAD/PUB
082 ## - DEWEY DECIMAL CLASSIFICATION NUMBER
Classification number 364.9
245 10 - TITLE STATEMENT
Title Crime through time /
Statement of responsibility, etc edited by Saurabh Dube [and] Anupama Rao
260 ## - PUBLICATION, DISTRIBUTION, ETC. (IMPRINT)
Place of publication, distribution, etc New Delhi
Name of publisher, distributor, etc Oxford University Press
Date of publication, distribution, etc 2013
270 ## - ADDRESS
Address YMCA Library Building, 1 Jai Singh Road
City New Delhi
Postal code 110001
300 ## - PHYSICAL DESCRIPTION
Extent lxiii,309p.
Dimensions 22cm(Hb)
490 ## - SERIES STATEMENT
Series statement Oxford in India readings themes in Indian history
500 ## - GENERAL NOTE
General note Includes bibliographical references
700 ## - ADDED ENTRY--PERSONAL NAME
Personal name Dube, Saurabh
700 ## - ADDED ENTRY--PERSONAL NAME
Personal name Rao, Anupama
942 ## - ADDED ENTRY ELEMENTS (KOHA)
Source of classification or shelving scheme Dewey Decimal Classification
Item type English Books
Call number suffix CRI
Classification part 364.9
Holdings
Withdrawn status Lost status Not for loan Collection code Home library Current library Date acquired Source of acquisition Cost, normal purchase price Full call number Barcode Copy number Cost, replacement price Koha item type
    Not For Loan Non-fiction D.B.Act.Division D.B.Act.Division 03/05/2013 DBAD/PUB 850.00 364.9 CRI EN-90511 1 850.00 English Books

© Delhi Public Library
Hit Counter
free hit counter